Score 0/9 Timer 08:00
0 Plays Today
Character Actor % Correct
Jean ValjeanColm Wilkinson
92.6%
MariusMichael Ball
85.8%
EponineLea Salonga
85.5%
JavertPhilip Quast
69.3%
FantineRuthie Henshall
62.9%
ThenardierAlun Armstrong
57.4%
CosetteJudy Kuhn
55.8%
Madame ThenardierJenny Galloway
51.3%
EnjolrasMichael Maguire
40.4%
Remove Ads.
Support Sporcle.
Get the best of Sporcle when you Go Orange. This ad-free experience offers more features, more stats, and more fun while also helping to support Sporcle. Thank you for becoming a member.

You're not logged in!

Compare scores with friends on all Sporcle quizzes.
OR
Log In

Sporcle TV

Today on Sporcle TV


Watch our educational content, quiz creation guides, and fun videos on Sporcle TV.

Show Comments

Extras

Top Quizzes Today


Score Distribution

Paid Content

Your Account Isn't Verified!

In order to create a playlist on Sporcle, you need to verify the email address you used during registration. Go to your Sporcle Settings to finish the process.

Report this User

Report this user for behavior that violates our Community Guidelines.

Details: